Simón del desierto (Record no. 48)
[ view plain ]
| 000 -LEADER | |
|---|---|
| fixed length control field | 03170cgm a2200757Ka 4500 |
| 001 - CONTROL NUMBER | |
| control field | 7000269 |
| 005 - DATE AND TIME OF LATEST TRANSACTION | |
| control field | 20200421093817.0 |
| 007 - PHYSICAL DESCRIPTION FIXED FIELD--GENERAL INFORMATION | |
| fixed length control field | vd bvaizu |
| 008 - FIXED-LENGTH DATA ELEMENTS--GENERAL INFORMATION | |
| fixed length control field | 081201s2008 nyu045 vlspa d |
| 020 ## - INTERNATIONAL STANDARD BOOK NUMBER | |
| International Standard Book Number | 1604651180 |
| 020 ## - INTERNATIONAL STANDARD BOOK NUMBER | |
| International Standard Book Number | 9781604651188 |
| 024 1# - OTHER STANDARD IDENTIFIER | |
| Standard number or code | 715515042017 |
| 028 42 - PUBLISHER OR DISTRIBUTOR NUMBER | |
| Publisher or distributor number | CC1790D |
| Source | Criterion Collection |
| 035 ## - SYSTEM CONTROL NUMBER | |
| System control number | (OCoLC)ocn276784035 |
| 035 ## - SYSTEM CONTROL NUMBER | |
| System control number | (OCoLC)276784035 |
| 035 ## - SYSTEM CONTROL NUMBER | |
| System control number | (NNC)7000269 |
| 037 ## - SOURCE OF ACQUISITION | |
| Source of stock number/acquisition | Midwest Tape |
| Note | http://www.midwesttapes.com |
| 040 ## - CATALOGING SOURCE | |
| Original cataloging agency | TEFMT |
| Transcribing agency | TEFMT |
| Modifying agency | BTCTA |
| -- | TEF |
| -- | RCS |
| -- | NNC |
| 041 1# - LANGUAGE CODE | |
| Language code of text/sound track or separate title | spa |
| Language code of summary or abstract | eng |
| Language code of original | spa |
| 043 ## - GEOGRAPHIC AREA CODE | |
| Geographic area code | a-sy--- |
| 050 #4 - LIBRARY OF CONGRESS CALL NUMBER | |
| Classification number | PN1997 |
| Item number | .S5666 2008 |
| 082 04 - DEWEY DECIMAL CLASSIFICATION NUMBER | |
| Classification number | 791.43/72 |
| Edition information | 22 |
| 245 00 - TITLE STATEMENT | |
| Title | Simón del desierto |
| Medium | [videorecording] = |
| Remainder of title | Simon of the desert / |
| Statement of responsibility, etc. | Janus Films ; Gustavo Alatriste presenta ; un film de Luis Buñuel. |
| 246 00 - VARYING FORM OF TITLE | |
| Title proper/short title | Simon of the desert |
| 250 ## - EDITION STATEMENT | |
| Edition statement | Special ed. |
| 260 ## - PUBLICATION, DISTRIBUTION, ETC. | |
| Place of publication, distribution, etc. | [Irvington, N.Y.] : |
| Name of publisher, distributor, etc. | Criterion Collection, |
| Date of publication, distribution, etc. | [2008] |
| 300 ## - PHYSICAL DESCRIPTION | |
| Extent | 1 videodisc (ca. 45 min.) : |
| Other physical details | sd., b&w ; |
| Dimensions | 4 3/4 in. |
| 500 ## - GENERAL NOTE | |
| General note | Title from sell sheet. |
| 500 ## - GENERAL NOTE | |
| General note | Originally released as a motion picture in 1965. |
| 500 ## - GENERAL NOTE | |
| General note | Special features: A mexican Buñuel (1995), a 50 minute documentary by Emilio Maillé ; new interview with actress Silvia Pinal ; booklet featuring a new essay by Michael Wood and a reprint interview with Buñuel. |
| 508 ## - CREATION/PRODUCTION CREDITS NOTE | |
| Creation/production credits note | Cinematography, Gabriel Figueroa ; editor, Carlos Savage ; music, Raúl Lavista. |
| 511 1# - PARTICIPANT OR PERFORMER NOTE | |
| Participant or performer note | Claudio Brook, Silvia Pinal, Enrique Alvarez Félix, Francisco Reiguera, Hortensia Santoveña, Antonio Bravo, Enrique del Castillo. |
| 520 ## - SUMMARY, ETC. | |
| Summary, etc. | In order to prove he is devoted to God, a 4th century saint stays on the top of a pillar for over six years while he is tempted by the devil in the form of a beautiful woman. |
| 538 ## - SYSTEM DETAILS NOTE | |
| System details note | DVD ; 1.33:1 aspect ratio ; restored high-definition digital transfer. |
| 546 ## - LANGUAGE NOTE | |
| Language note | Spanish dialogue with optional English subtitles. |
| 600 00 - SUBJECT ADDED ENTRY--PERSONAL NAME | |
| Personal name | Simeon Stylites, |
| Titles and other words associated with a name | Saint, |
| Dates associated with a name | d. 459 |
| Form subdivision | Drama. |
| 9 (RLIN) | 645 |
| 650 #0 - SUBJECT ADDED ENTRY--TOPICAL TERM | |
| Topical term or geographic name entry element | Christian saints |
| Geographic subdivision | Syria |
| Form subdivision | Drama. |
| 9 (RLIN) | 646 |
| 650 #0 - SUBJECT ADDED ENTRY--TOPICAL TERM | |
| Topical term or geographic name entry element | Temptation |
| Form subdivision | Drama. |
| 9 (RLIN) | 647 |
| 650 #7 - SUBJECT ADDED ENTRY--TOPICAL TERM | |
| Topical term or geographic name entry element | Santos |
| Geographic subdivision | Siria |
| Form subdivision | Teatro. |
| Source of heading or term | bidex |
| 9 (RLIN) | 648 |
| 650 #7 - SUBJECT ADDED ENTRY--TOPICAL TERM | |
| Topical term or geographic name entry element | Tentación |
| Form subdivision | Teatro. |
| Source of heading or term | bidex |
| 9 (RLIN) | 649 |
| 655 #0 - INDEX TERM--GENRE/FORM | |
| Genre/form data or focus term | Feature films. |
| 655 #0 - INDEX TERM--GENRE/FORM | |
| Genre/form data or focus term | Religious films. |
| 9 (RLIN) | 651 |
| 655 #0 - INDEX TERM--GENRE/FORM | |
| Genre/form data or focus term | Motion pictures, Mexican. |
| 9 (RLIN) | 652 |
| 655 #7 - INDEX TERM--GENRE/FORM | |
| Genre/form data or focus term | Religious |
| Form subdivision | Feature. |
| Source of term | migfg |
| 9 (RLIN) | 653 |
| 655 #7 - INDEX TERM--GENRE/FORM | |
| Genre/form data or focus term | Feature films. |
| Source of term | gsafd |
| 655 #0 - INDEX TERM--GENRE/FORM | |
| Genre/form data or focus term | Foreign films. |
| 700 1# - ADDED ENTRY--PERSONAL NAME | |
| Personal name | Buñuel, Luis, |
| Dates associated with a name | 1900-1983. |
| 700 1# - ADDED ENTRY--PERSONAL NAME | |
| Personal name | Alejandro, Julio, |
| Dates associated with a name | 1906-1995. |
| 9 (RLIN) | 657 |
| 700 1# - ADDED ENTRY--PERSONAL NAME | |
| Personal name | Alatriste, Gustavo. |
| 9 (RLIN) | 658 |
| 700 1# - ADDED ENTRY--PERSONAL NAME | |
| Personal name | Brook, Claudio. |
| 9 (RLIN) | 1519 |
| 700 1# - ADDED ENTRY--PERSONAL NAME | |
| Personal name | Pinal, Silvia. |
| 9 (RLIN) | 659 |
| 700 1# - ADDED ENTRY--PERSONAL NAME | |
| Personal name | Alvarez Félix, Enrique, |
| Dates associated with a name | d. 1996. |
| 9 (RLIN) | 660 |
| 700 1# - ADDED ENTRY--PERSONAL NAME | |
| Personal name | Reiguera, Francisco. |
| 9 (RLIN) | 661 |
| 700 1# - ADDED ENTRY--PERSONAL NAME | |
| Personal name | Santovena, Hortensia. |
| 9 (RLIN) | 662 |
| 700 1# - ADDED ENTRY--PERSONAL NAME | |
| Personal name | Bravo, Antonio |
| Fuller form of name | (Bravo Sanchez) |
| 9 (RLIN) | 663 |
| 700 1# - ADDED ENTRY--PERSONAL NAME | |
| Personal name | Castillo, Enrique del, |
| Dates associated with a name | 1924-1984. |
| 9 (RLIN) | 664 |
| 700 1# - ADDED ENTRY--PERSONAL NAME | |
| Personal name | Lavista, Raul. |
| 9 (RLIN) | 665 |
| 710 2# - ADDED ENTRY--CORPORATE NAME | |
| Corporate name or jurisdiction name as entry element | Criterion Collection (Firm) |
| 710 2# - ADDED ENTRY--CORPORATE NAME | |
| Corporate name or jurisdiction name as entry element | Janus Films. |
| 9 (RLIN) | 667 |
| 710 2# - ADDED ENTRY--CORPORATE NAME | |
| Corporate name or jurisdiction name as entry element | Video Mercury Films, S.A. |
| 9 (RLIN) | 668 |
| 710 2# - ADDED ENTRY--CORPORATE NAME | |
| Corporate name or jurisdiction name as entry element | Image Entertainment (Firm) |
| 740 02 - ADDED ENTRY--UNCONTROLLED RELATED/ANALYTICAL TITLE | |
| Uncontrolled related/analytical title | Mexican Buñuel. |
| 942 ## - ADDED ENTRY ELEMENTS (KOHA) | |
| Source of classification or shelving scheme | Dewey Decimal Classification |
| Koha item type | Books |
| 948 1# - LOCAL PROCESSING INFORMATION (OCLC); SERIES PART DESIGNATOR (RLIN) | |
| Series part designator, SPT (RLIN) | 20090304 |
| b (OCLC) | c |
| c (OCLC) | osmc1 |
| d (OCLC) | OSMC |
| Withdrawn status | Lost status | Damaged status | Not for loan | Collection | Home library | Current library | Shelving location | Date acquired | Barcode | Date last seen | Price effective from | Koha item type |
|---|---|---|---|---|---|---|---|---|---|---|---|---|
| Non-fiction | Fairview | Fairview | Audio visual | 09/04/2014 | 39999000001891 | 09/04/2014 | 09/04/2014 | Visual Materials | ||||
| Non-fiction | Midway | Midway | Audio visual | 09/04/2014 | 39999000001914 | 09/04/2014 | 09/04/2014 | Visual Materials |